|
|
|
|
| LEADER |
00000cam a22000004a 4500 |
| 001 |
musev2_87474 |
| 003 |
MdBmJHUP |
| 005 |
20230905052939.0 |
| 006 |
m o d |
| 007 |
cr||||||||nn|n |
| 008 |
091106s2010 ksu o 00 0 eng d |
| 010 |
|
|
|z 2009047245
|
| 020 |
|
|
|a 9780700625413
|
| 020 |
|
|
|z 9780700617210
|
| 035 |
|
|
|a (OCoLC)1122782352
|
| 040 |
|
|
|a MdBmJHUP
|c MdBmJHUP
|
| 043 |
|
|
|a n-us---
|
| 050 |
0 |
4 |
|a E710
|b .W485 2010
|
| 082 |
0 |
|
|a 973.8/8
|2 22
|
| 100 |
1 |
|
|a Williams, R. Hal
|q (Richard Hal)
|
| 245 |
1 |
0 |
|a Realigning America :
|b McKinley, Bryan, and the Remarkable Election of 1896 /
|c R. Hal Williams.
|
| 264 |
|
1 |
|a Lawrence, Kan. :
|b University Press of Kansas,
|c 2010.
|
| 264 |
|
3 |
|a Baltimore, Md. :
|b Project MUSE,
|c 2022
|
| 264 |
|
4 |
|c ©2010.
|
| 300 |
|
|
|a 1 online resource (264 pages):
|b ill. ;
|
| 336 |
|
|
|a text
|b txt
|2 rdacontent
|
| 337 |
|
|
|a computer
|b c
|2 rdamedia
|
| 338 |
|
|
|a online resource
|b cr
|2 rdacarrier
|
| 490 |
0 |
|
|a American presidential elections
|
| 504 |
|
|
|a Includes bibliographical references and index.
|
| 505 |
0 |
|
|a 1896 : the party background -- The Democrats in power, 1893-1896 -- "The people against the bosses" : the Republican nomination of William McKinley -- Democrats divided : the Democratic convention at Chicago -- Bryan takes the stump -- The also-rans : the People's Party and the Gold Democrats in the campaign of 1896 -- The front porch campaign : McKinley and the Republicans in the 1896 election -- "An excitement that was almost too intense for life" : Election Day, 1896 -- McKinley's America : the election's aftermath.
|
| 588 |
|
|
|a Description based on print version record.
|
| 650 |
|
0 |
|a Political campaigns
|z United States
|x History
|y 19th century.
|
| 650 |
|
0 |
|a Presidents
|z United States
|x Election
|y 1896.
|
| 651 |
|
0 |
|a United States
|x Politics and government
|y 1893-1897.
|
| 600 |
1 |
0 |
|a Bryan, William Jennings,
|d 1860-1925.
|
| 600 |
1 |
0 |
|a McKinley, William,
|d 1843-1901.
|
| 655 |
|
7 |
|a Electronic books.
|2 local
|
| 710 |
2 |
|
|a Project Muse.
|e distributor
|
| 830 |
|
0 |
|a American presidential elections.
|
| 830 |
|
0 |
|a Book collections on Project MUSE.
|
| 856 |
4 |
0 |
|z Texto completo
|u https://projectmuse.uam.elogim.com/book/87474/
|
| 945 |
|
|
|a Project MUSE - Custom Collection
|